00714nam a2200181 i 450000100060000000300090000600500170001500700030003200800410003511100890007624501010016526000580026630000380032485200230036294200080038599900170039395201220041043721ES-MaACL20250627024131.0t|030318q1917 sp ||||1| spa d2 aExposición Nacional de Pintura, Escultura y Arquitectura (d1917.cMadrid)915939410aCatálogo oficial de la Exposición Nacional de Pintura, Escultura y Arquitectura, año 1917. aMadrid : b[s.n., c1917?] (fArtes Gráficas Mateu) a63 p., 40 h. de lám. ; c20 cm. aES-MaACLjG-10463  2udc c43721d43721 00104070aATENEOMbATENEOMcSPP3d2008-01-17eDONl0oG-10463p1046024r2023-02-23 00:00:00w2023-02-23yMONOGRAFIA